MARC details
| 000 -LEADER |
| fixed length control field |
02506cam a22003374a 4500 |
| 001 - CONTROL NUMBER |
| control field |
7089464 |
| 003 - CONTROL NUMBER IDENTIFIER |
| control field |
ARRUPE |
| 005 - DATE AND TIME OF LATEST TRANSACTION |
| control field |
20150505112834.0 |
| 008 - FIXED-LENGTH DATA ELEMENTS--GENERAL INFORMATION |
| fixed length control field |
081107s2009 nyu b 001 0 eng |
| 010 ## - LIBRARY OF CONGRESS CONTROL NUMBER |
| LC control number |
2008048765 |
| 020 ## - INTERNATIONAL STANDARD BOOK NUMBER |
| International Standard Book Number |
9780231154161 (cloth : alk. paper) |
| 020 ## - INTERNATIONAL STANDARD BOOK NUMBER |
| International Standard Book Number |
023115416X (cloth : alk. paper) |
| 035 ## - SYSTEM CONTROL NUMBER |
| System control number |
(OCoLC)ocn276139530 |
| 035 ## - SYSTEM CONTROL NUMBER |
| System control number |
(NNC)7089464 |
| 040 ## - CATALOGING SOURCE |
| Original cataloging agency |
DLC |
| Transcribing agency |
DLC |
| Modifying agency |
YDX |
| -- |
BTCTA |
| -- |
YDXCP |
| -- |
OrLoB-B |
| 050 00 - LIBRARY OF CONGRESS CALL NUMBER |
| Classification number |
BX1390 |
| Item number |
.L54 2009 |
| 082 00 - DEWEY DECIMAL CLASSIFICATION NUMBER |
| Classification number |
282.09/045 |
| Edition number |
22 |
| 300 ## - PHYSICAL DESCRIPTION |
| Dimensions |
23 cm. |
| 100 1# - MAIN ENTRY--PERSONAL NAME |
| Personal name |
Linden, Ian. |
| 9 (RLIN) |
17675 |
| 245 10 - TITLE STATEMENT |
| Title |
Global Catholicism : |
| Remainder of title |
diversity and change since Vatican II / |
| Statement of responsibility, etc |
Ian Linden. |
| 260 ## - PUBLICATION, DISTRIBUTION, ETC. (IMPRINT) |
| Place of publication, distribution, etc |
New York : |
| Name of publisher, distributor, etc |
Columbia University Press, |
| Date of publication, distribution, etc |
c2009. |
| 300 ## - PHYSICAL DESCRIPTION |
| Extent |
viii, 337 p. ; |
| 504 ## - BIBLIOGRAPHY, ETC. NOTE |
| Bibliography, etc |
Includes bibliographical references (p. 283-323) and index. |
| 505 00 - FORMATTED CONTENTS NOTE |
| Miscellaneous information |
1. |
| Title |
The Legacy of Anti-Modernism -- |
| Miscellaneous information |
2. |
| Title |
Dominican and Jesuit Pioneers -- |
| Miscellaneous information |
3. |
| Title |
The Vatican Council: Early Stages -- |
| Miscellaneous information |
4. |
| Title |
The Vatican Council: A New Vision -- |
| Miscellaneous information |
5. |
| Title |
The Church of the Poor in Latin America -- |
| Miscellaneous information |
6. |
| Title |
The Church in Conflict -- |
| Miscellaneous information |
7. |
| Title |
Radicals and Liberals in the Philippines and South Africa -- |
| Miscellaneous information |
8. |
| Title |
Democracy and Nationalism in Africa -- |
| Miscellaneous information |
9. |
| Title |
Inculturation and Dialogue with Islam -- |
| Miscellaneous information |
10. |
| Title |
A Global Church in the Twenty-First Century. |
| 520 1# - SUMMARY, ETC. |
| Summary, etc |
"Global Catholicism charts the complex history of the forces of renewal unleashed on the Roman Catholic Church by the Second Vatican Council and the counter-forces that were mobilised against it during the last half century. Ian Linden offers a comprehensive analysis of how much the Catholic Church has lived up to the Council's promise, come to terms with pluralism, modernity, and different forms of spirituality and become a genuinely world Church, the only competitor to global Islam in the twenty-first century. He focuses notably on changes that had wider historical importance than the internal evolution of the Roman Catholic Church as a religious organisation: war and peace, nationalism and democratisation in Africa, liberation theology, military dictatorships, guerrilla movements in Latin America, Africa and Philippines, interaction with communist governments, inculturation and relations with resurgent Islam."--BOOK JACKET. |
| 610 20 - SUBJECT ADDED ENTRY--CORPORATE NAME |
| Corporate name or jurisdiction name as entry element |
Catholic Church |
| General subdivision |
History |
| Chronological subdivision |
1965- |
| 9 (RLIN) |
4086 |
| 611 20 - SUBJECT ADDED ENTRY--MEETING NAME |
| Meeting name or jurisdiction name as entry element |
Vatican Council |
| Number of part/section/meeting |
(2nd : |
| Date of meeting |
1962-1965 : |
| Location of meeting |
Basilica di San Pietro in Vaticano) |
| 9 (RLIN) |
17676 |
| 900 ## - EQUIVALENCE OR CROSS-REFERENCE-PERSONAL NAME [LOCAL, CANADA] |
| Numeration |
TOC |
| 942 ## - ADDED ENTRY ELEMENTS (KOHA) |
| Source of classification or shelving scheme |
Library of Congress Classification |
| Koha item type |
Monograph ( Printed materials) |
| 948 1# - LOCAL PROCESSING INFORMATION (OCLC); SERIES PART DESIGNATOR (RLIN) |
| Series part designator, SPT (RLIN) |
20090310 |
| b (OCLC) |
c |
| c (OCLC) |
rad1 |
| d (OCLC) |
MPS |
| 948 2# - LOCAL PROCESSING INFORMATION (OCLC); SERIES PART DESIGNATOR (RLIN) |
| Series part designator, SPT (RLIN) |
20090324 |
| b (OCLC) |
a |
| c (OCLC) |
rad1 |
| d (OCLC) |
MPS |